000 00986cam a2200313 a 4500
999 _c330314
_d330314
001 1150439
003 NUST
005 20170620122217.0
008 950419s1995 enka b 001 0 eng c
010 _a 95143085
020 _a0415247624
020 _a0748402411 (pbk.)
040 _aDNLM/DLC
_cDLC
_dDLC
050 0 0 _aRA1211
_b.T56 1995
060 0 _aQV 600 T583i
082 0 0 _a615.9 TIM
_220
100 1 _aTimbrell, John A.
_92911
245 1 0 _aIntroduction to toxicology /
_cJohn A. Timbrell.
250 _a3rd ed.
260 _aLondon ;
_aBristol, PA :
_bTaylor & Francis,
_cc2002.
300 _aix, 215p. :
_bill. ;
_c24 cm.
500 _aP.B
504 _aIncludes bibliographical references and index.
650 0 _aToxicology.
_92912
650 2 _aToxicology.
_92912
906 _a7
_bcbc
_corignew
_d3
_encip
_f19
_gy-gencatlg
942 _2ddc
_cBK
_kIESE